Pays en S en 4 minutes - Statistiques

Statistiques générales
  • Ce quiz a été pris 493 fois
    481 depuis la dernière actualisation
  • Le résultat moyen est 14 sur 22
Statistiques - réponses
Hint Réponse % Correct
12 Slovaquie
85%
13 Slovénie
85%
18 Suède
80%
19 Suisse
76%
15 Soudan
75%
20 Suriname
72%
14 Somalie
71%
8 Serbie
69%
21 Syrie
68%
2 Saint Marin
66%
16 Soudan du Sud
64%
4 Sainte Lucie
60%
22 Salvador
60%
7 Sénégal
59%
17 Sri Lanka
59%
3 Saint Vincent
57%
1 Saint Christophe
54%
9 Seychelles
50%
5 Samoa
47%
6 Sao Tomé
46%
10 Sierra Leone
45%
11 Singapore
13%
Aucun quiz correspondant
Distribution des résultats
% des personnes avec chaque résultat
Percentile par nombre de réponses
Votre historique - résultats
Vous n’avez pas pris ce quiz depuis la dernière actualisation